Notice des tableaux du musée Napoléon III exposés dans les salles de la colonnade au Louvre / (Record no. 163227)

MARC details
000 -LEADER
campo de control de longitud fija 00698nam a2200181 i 4500
001 - NÚMERO DE CONTROL
campo de control 163227
003 - IDENTIFICADOR DE NÚMERO DE CONTROL
campo de control ES-MaACL
005 - FECHA Y HORA DE LA ÚLTIMA TRANSACCIÓN
campo de control 20230906212710.0
008 - DATOS DE LONGITUD FIJA--INFORMACIÓN GENERAL
campo de control de longitud fija 050712s1865 fr | |||||||| ||fre d
040 ## - FUENTE DE CATALOGACIÓN
Centro catalogador/agencia de origen CAM
Lengua de catalogación spa
Centro/agencia transcriptor CAM
100 1# - ENTRADA PRINCIPAL--NOMBRE DE PERSONA
Nombre de persona Reiset, Frédéric.
9 (RLIN) 131679
245 10 - MENCIÓN DEL TÍTULO
Título Notice des tableaux du musée Napoléon III exposés dans les salles de la colonnade au Louvre /
Mención de responsabilidad, etc. par M. F. Reiset,...
260 ## - PUBLICACIÓN, DISTRIBUCIÓN, ETC.
Lugar de publicación, distribución, etc. Paris :
Nombre del editor, distribuidor, etc. Charles de Mourgues frères,
Fecha de publicación, distribución, etc. 1865.
300 ## - DESCRIPCIÓN FÍSICA
Extensión 117 p. ;
Dimensiones 18 cm.
594 ## - Nota al título y mención de responsabilidad
Nota al título y mención de responsabilidad En la antep. consta: Maison de l'empereur, Musée Impérial du Louvre.
610 24 - PUNTO DE ACCESO ADICIONAL DE MATERIA--NOMBRE DE ENTIDAD CORPORATIVA
Nombre de entidad corporativa o nombre de jurisdicción como elemento de entrada Musée du Louvre-
Subdivisión de forma Guías.
9 (RLIN) 137268
852 ## - LOCALIZACIÓN
Ubicación ES-MaACL
Número de control de estantería D-1806
Nota libre -- Enc. hol. conservando la original
Holdings
Estatus retirado Estado de pérdida Estado de daño No para préstamo Colección Biblioteca de origen Biblioteca actual Ubicación en estantería Fecha de adquisición Fuente de adquisición Total de préstamos Signatura topográfica completa Código de barras Visto por última vez Precio de reemplazo Tipo de ítem Koha
        Libros del s. XIX Biblioteca del Ateneo de Madrid Biblioteca del Ateneo de Madrid Sala Valle Inclán 17/01/2008     D-1806 901171043 23/02/2023 23/02/2023 Libro impreso antiguo